Discourse, war and terrorism (Record no. 249485)
[ view plain ]
| 000 -LEADER | |
|---|---|
| fixed length control field | 01539nam a2200361Ia 4500 |
| 082 04 - DEWEY DECIMAL CLASSIFICATION NUMBER | |
| Classification number | 909.83/1 |
| 245 00 - TITLE STATEMENT | |
| Title | Discourse, war and terrorism |
| 260 ## - PUBLICATION, DISTRIBUTION, ETC. (IMPRINT) | |
| Place of publication | Philadelphia, Pa : |
| Name of publisher | John Benjamins North America, |
| Year of publication | 2007. |
| 300 ## - PHYSICAL DESCRIPTION | |
| Number of Pages | ix, 248 p. |
| 490 1# - SERIES STATEMENT | |
| Series statement | Discourse approaches to politics, society and culture ; |
| 500 ## - GENERAL NOTE | |
| General note | "The book series complements the Journal of Language and Politics, edited by Ruth Wodak and Paul Chilton." |
| 650 #0 - SUBJECT ADDED ENTRY--TOPICAL TERM | |
| Topical Term | September 11 Terrorist Attacks, 2001. |
| Topical Term | War on Terrorism, 2001-2009. |
| Topical Term | Critical discourse analysis. |
| 700 1# - ADDED ENTRY--PERSONAL NAME | |
| Personal name | Hodges, Adam. |
| Personal name | Nilep, Chad. |
| 856 40 - ELECTRONIC LOCATION AND ACCESS | |
| Uniform Resource Identifier | http://site.ebrary.com/lib/rucke/Doc?id=10172324 |
No items available.
